| 000 | 00487nam a22001817a 4500 | ||
|---|---|---|---|
| 999 |
_c40890 _d40890 |
||
| 003 | OSt | ||
| 005 | 20200727133712.0 | ||
| 008 | 200727b ||||| |||| 00| 0 eng d | ||
| 020 | _a9788178084985 | ||
| 040 | _coclc | ||
| 082 |
_a514 _bMUN/T |
||
| 100 | _aMunkres, James R | ||
| 245 |
_aTopology / _cJames R Munkres |
||
| 250 | _a2nd Ed. | ||
| 260 |
_aNew Delhi: _bPearson Education Asia, _c2000. |
||
| 300 | _a537p | ||
| 942 |
_cBK _2ddc _h514 _iMUN/T _k514 _mMUN/T |
||